000 01151nam0a22002891 4500
001 rc\4943335
005 20260408002250.0
021 _aRU
_b69-РК-2884/15
021 _aRU
_bРг7934-69
035 _a(NLR Aleph) 008853815
090 _a8417455
_c8417455
100 _a20130426d1968 |||y0rusy50 ca
101 0 _arus
102 _aRU
105 _aa z |||||
200 1 _aСпособы ускорения спуска и подъема трала на РТМ и БМРТ
_fГл. упр. рыбной пром-сти. Зап. бассейна. Отд. науч.-техн. информации ЦПКТБ
210 _aРига
_cБ. и.
_d1968
215 _a8 с.
_cчерт.
_d20
300 _aОтпеч. множит. аппаратом
300 _aВ конце текста авт.: А. Филатов, инж.
700 1 _aФилатов
_bА.
712 0 1 _aСССР
_bГлавное управление рыбной промышленности Западного бассейна
_3RU\NLR\AUTH\8810166663
_9829258
801 0 _aRU
_bNLR
_gpsbo
801 1 _aRU
_bELAR
_2rusmarc
852 _aNLR
_j69-4/18734
942 _cBOOK
980 _aNB